Il regno di Sardegna e L'Italia unita: estratto da Istituzioni e fonti normative in Italia dall'antico regime al fascismo
Gardado en:
| Autor Principal: | |
|---|---|
| Formato: | Libro |
| Idioma: | Lingua italiana |
| Publicado: |
Turín
G. Giappichelli
2007
|
| Subjects: | |
| Tags: |
Engadir etiqueta
Sen Etiquetas, Sexa o primeiro en etiquetar este rexistro!
|
MARC
| LEADER | 00000cam a2200000 a 4500 | ||
|---|---|---|---|
| 001 | UCG9706 | ||
| 003 | CL-VaPUC | ||
| 008 | 120330e20070000IT |||||||||||||||||ita|d | ||
| 020 | |a 9788834877456 | ||
| 082 | 0 | 4 | |a 945 |b DIS |2 21 |
| 100 | 0 | |a Di Simone, Maria Rosa |e author |9 561346 | |
| 245 | 1 | 3 | |a Il regno di Sardegna e L'Italia unita: estratto da Istituzioni e fonti normative in Italia dall'antico regime al fascismo |
| 300 | |a 386 p | ||
| 942 | |c BK | ||
| 945 | |d 20120330 00:00:00 |a dcastane | ||
| 260 | |a Turín |b G. Giappichelli |c 2007 | ||
| 650 | 0 | |a Historia de Italia |9 362027 | |
| 650 | 0 | |a Historia antigua |9 267521 | |
| 650 | 0 | |a Fascismo |9 255687 | |
| 650 | 7 | |a DERECHO |2 CL-VaPUC |9 561347 | |
| 583 | |a last modification |c 20120330 10:33:00 |k Rodrigo Vera | ||
| 999 | |c 347252 |d 347250 | ||
| 952 | |0 0 |1 0 |4 0 |6 945_000000000000000_DIS_2007 |7 0 |8 DER_HIS |9 448485 |a BIBDER |b BIBDER |d 2019-11-22 |i 4846451 |o 945 DIS 2007 |p 4846451 |r 2023-01-25 |w 2019-11-22 |x Ubicación 4to Piso |y BK |z Estos recursos deben solicitarse con anticipación |k DER | ||